ბათუმის შოთა რუსთაველის სახელმწიფო უნივერსიტეტის ბიბლიოთეკა

ჩანაწერი Corporate Name

ჩანაწერთა რაოდენობა, რომელიც გამოყენებულია: 1

001 - CONTROL NUMBER

  • control field: 22325

003 - CONTROL NUMBER IDENTIFIER

  • control field: GE_BSU

005 - DATE AND TIME OF LATEST TRANSACTION

  • control field: 20240604163637.0

008 - FIXED-LENGTH DATA ELEMENTS

  • fixed length control field: 240604|| aca||aabn | a|a d

040 ## - CATALOGING SOURCE

  • Original cataloging agency: GE_BSU
  • Transcribing agency: GE_BSU

110 ## - HEADING--CORPORATE NAME

  • Corporate name or jurisdiction name as entry element: აჭარის არ. განათლების, კულტურისა და სპორტის სამინინისტრო
  • Subordinate unit: აჭარის კულტურული მემკვიდრეობის დაცვის სააგენტო

670 ## - SOURCE DATA FOUND

  • Source citation: Work cat.: (GE_BSU)42422: აჭარა. წარსული და თანამედროვეობა. 2012 წლის არქეოლოგიური გათხრების შედეგები. კრებული 1= Ajara : Past and modernity results of the archaelogical excavations in 2012. Аджария : Прошло и современностью Итоги археологических раскопок 2012 г. /